Pedagogía del aprendizaje
Bewaard in:
| Hoofdauteur: | |
|---|---|
| Formaat: | Boek |
| Taal: | Spaans |
| Gepubliceerd in: |
Barcelona
Luis Miracle
1964
|
| Editie: | 2a. ed |
| Reeks: | Paideia, 23
|
| Onderwerpen: | |
| Tags: |
Voeg label toe
Geen labels, Wees de eerste die dit record labelt!
|
MARC
| LEADER | 00000nam a2200000 a 4500 | ||
|---|---|---|---|
| 001 | UCU0386 | ||
| 003 | CL-VaPUC | ||
| 008 | 960322e19640000SP |||||||||||||||||spa|d | ||
| 082 | 0 | 4 | |a 370.152 |b COU |2 21 |
| 100 | 0 | |a Cousinet, Roger |e author |9 355494 | |
| 245 | 1 | 0 | |a Pedagogía del aprendizaje |
| 250 | |a 2a. ed | ||
| 300 | |a 136 p | ||
| 942 | |c BK | ||
| 945 | |d 19960322 00:00:00 |a cmena | ||
| 260 | |a Barcelona |b Luis Miracle |c 1964 | ||
| 650 | 0 | |a Aprendizaje |9 254827 | |
| 650 | 0 | |a Pedagogía |9 255351 | |
| 650 | 0 | |a Métodos de aprendizaje |9 334464 | |
| 650 | 0 | |a Enseñanza |9 256457 | |
| 650 | 0 | |a Psicología del aprendizaje |9 306854 | |
| 583 | |a last modification |c 19960322 00:00:00 |k Rodrigo Vera | ||
| 490 | 0 | |a Paideia, 23 | |
| 999 | |c 245244 |d 245242 | ||
| 952 | |0 0 |1 0 |4 0 |6 370_152000000000000_COU_1964 |7 0 |8 P |9 259699 |a BIBEDU |b BIBEDU |c BIBEDU_PB |d 2019-11-19 |i 1632809 |o 370.152 COU 1964 |p 1632809 |r 2024-01-25 |w 2019-11-19 |y BK |k EDU | ||